Normal view
MARC view
- Shahid ,Eman
Entry Personal Name
001 - CONTROL NUMBER
- control field: 126003
003 - CONTROL NUMBER IDENTIFIER
- control field: NUST
005 - DATE AND TIME OF LATEST TRANSACTION
- control field: 20240923171558.0
008 - FIXED-LENGTH DATA ELEMENTS
- fixed length control field: 240923|| aca||aabn | a|a d
040 ## - CATALOGING SOURCE
- Original cataloging agency: NUST
- Transcribing agency: NUST
100 ## - HEADING--PERSONAL NAME
- Personal name: Shahid ,Eman
670 ## - SOURCE DATA FOUND
- Source citation: Work cat.: (NUST): Shahid ,Eman , Silymarin silver nanoparticles loaded biomimetic coating for titanium implants /
